000 01340nam a2200337 c 4500
700 1 _aЗлатарски, Иван Василев
_d1948-
_gПреводач от английски език (художествена литература), инженер
_9242826
999 _c20747
_d20747
003 BLK
005 20240712113159.0
008 180413b bul|||||r ||||||| ||bul||
010 _aKNG00022987000
020 _a954-8811-05-7
040 _aBLK
041 _aBUL
_cBUL
080 _aАнглийска литература
_b821.111
_x-312.9
_z821.111-312.9
100 _aКларк, Артър Чарлс
_d1917 - 2008
_9243603
139 _aКларк, Артър Чарлс
_bК 63
245 1 0 _aЗемя имперска
_bРоман
_cАртър Чарлс Кларк; прев. от англ. Иван Василев Златарски.
257 _aGBR
260 _bОфир
_c1998
_fВраца : Полипринт
300 _a301 с.
_c20 см
380 _aX
490 1 _aБиблиотека Фантастика
_v024
500 _aОриг. загл. Imperial earth / Arthur C. Clarke ; 3 000 тир.
852 _aЦб 196380
856 4 _qpdf
_u
856 4 _qpdf
_u
942 _cKNG
_n0
_02
944 _aCR
_c15.01.2003
_k30560
_lГеновева Генчева
944 _aED
_c12.04.2010
999 _d20747